Historický vývoj umelého prerušenia tehotenstva – trestný čin alebo ľudské právo?
Táto práca sa zameriava na historický exkurz vývoja umelého prerušenia tehotenstva od prehistorických čias až po súčasnú právnu úpravu. Začína opisovať samotnú problematiku od prvých zmienok súvisiacich s právnou úpravou umelého prerušenia tehotenstva, postupuje do explicitne vymedzenej zákonnej úpr...
Guardado en:
| Autor principal: | |
|---|---|
| Formato: | Capítulo de libro |
| Lenguaje: | eslovaco |
| Materias: | |
| Etiquetas: |
Sin Etiquetas, Sea el primero en etiquetar este registro!
|
MARC
| LEADER | 00000naa a2200000 4500 | ||
|---|---|---|---|
| 001 | 0304321 | ||
| 005 | 20240925113016.9 | ||
| 041 | 0 | |a slo | |
| 044 | |a SK | ||
| 245 | 1 | 0 | |a Historický vývoj umelého prerušenia tehotenstva – trestný čin alebo ľudské právo? |c Kristína Nagyová |
| 520 | |a Táto práca sa zameriava na historický exkurz vývoja umelého prerušenia tehotenstva od prehistorických čias až po súčasnú právnu úpravu. Začína opisovať samotnú problematiku od prvých zmienok súvisiacich s právnou úpravou umelého prerušenia tehotenstva, postupuje do explicitne vymedzenej zákonnej úpravy, ktorá postihuje výkony umelého prerušenia tehotenstva trestnosťou, pričom záverom sa dostáva do súčasnosti. V súčasnej právnej úprave sa venuje nielen aktuálnemu statusu a motívu prijatia takejto právnej úpravy, ale taktiež poukazuje na samotné poslanecké návrhy, ktoré rezonovali volebnými obdobiami. | ||
| 610 | 2 | 0 | |a činnosť trestná |
| 610 | 2 | 0 | |a úpravy právne |
| 610 | 2 | 0 | |a zdravie |
| 610 | 2 | 0 | |a pôrodnosť |
| 610 | 2 | 0 | |a práva ľudské |
| 100 | 1 | |a Nagyová, Kristína | |